000 00294nam a2200109Ia 4500
008 200302s9999 xx 000 0 und d
100 _aGiorgio Ciucci & Other
245 _aThe American City From the Civil War to the New Deal
260 _bGranada Publishing
260 _c1979
300 _a563 P.,
999 _c5620
_d5620